000 00491nam a22001817a 4500
003 CEME
005 20210628205619.0
008 210309b xxu||||| |||| 00| 0 eng d
020 _a0-19-510073-5
040 _c.
082 _a954.042092 WOL'N
100 _aWolpert, Stanley
_960518
245 _aNehru a tryst with destiny
260 _aKARACHI
_bOXFORD UNIVERSITY PRESS
_c1996
300 _a546P
650 _aNAHRU JAWAHARLAL PRIME MINISTER-INDIA-BIOGRAPHY
_976264
942 _cBK
_2ddc
999 _c581658
_d581658